000 00495ntaaa2200193 4500
003 01
005 20251027202829.0
008 0714s1973 ag 01
040 _aAR-BaBN
_bspa
_cAR-BaBN
_eaacr
_dRIC
082 _a922.0000 C89
100 _aCulross, Santiago
_928907
245 _aGuillermo Carey
250 _a1 ed.
260 _aEl Paso :
_bCasa Bautista de Publicaciones,
_cc1924
300 _a172 p
650 _aCarey, Guillermo
_928908
650 _abiografĂ­a-Carey
_928909
942 _cBK
999 _c23701
_d23701